000 00805nam a22002417a 4500
003 DO-SdBNP
005 20220831104426.0
008 220211b2003 dr ||| |||| 00| 0 spa d
020 _a9993449113
040 _aBPMSU
_cBPMSU
082 _aRD861.4408
_bA445c 2003
_222
100 1 _aAlmánzar Botello, Armando
_d1956-
245 _aCazador de agua y otros textos mutantes :
_bantología poética 1977-2002 /
_cArmando Almánzar Botello
260 _aSanto Domingo,
_bEditora Nacional,
_c2003
300 _a142 p ;
_c22cm
490 0 _aLiteraria. El barco ebrio.
500 _aIncluye datos biográficos del autor en la contracubierta
590 _6Inventariado, 2022/VM
650 4 _aPoesía dominicana
_vColecciones
650 4 _aLiteratura dominicana
910 _aVMateo V.
942 _2ddc
_cBK
999 _c14034
_d14034